书目信息 |
| 题名: |
制药工程制图
|
|
| 作者: | 于颖 主编 | |
| 分册: | ||
| 出版信息: | 北京 化学工业出版社 2013 |
|
| 页数: | 262页, [8] 叶图版 | |
| 开本: | 26cm | |
| 丛书名: | ||
| 单 册: | ||
| 中图分类: | TQ050.2 , TQ46 | |
| 科图分类: | ||
| 主题词: | 制药工业--zhi yao gong ye--化学工程--工程制图 | |
| 电子资源: | ||
| ISBN: | 978-7-122-16195-6 | |
| 000 | 00852cam0 2200277 450 | |
| 001 | 012001000244 | |
| 005 | 20191108082035.03 | |
| 010 | @a978-7-122-16195-6@dCNY39.00 | |
| 099 | @aCAL 012013043287 | |
| 100 | @a20130326d2013 em y0chiy50 ea | |
| 101 | 0 | @achi |
| 102 | @aCN@b110000 | |
| 105 | @aafk a 000yy | |
| 106 | @ar | |
| 200 | 1 | @a制药工程制图@Azhi yao gong cheng zhi tu@f于颖主编 |
| 205 | @a第2版 | |
| 210 | @a北京@c化学工业出版社@d2013 | |
| 215 | @a262页, [8] 叶图版@c图@d26cm | |
| 320 | @a有书目 (第261-262页) | |
| 330 | @a本书介绍了画法几何、制图基础、机械制图、计算机制图、制药设备及制药工艺图等内容。 | |
| 606 | 0 | @a制药工业@Azhi yao gong ye@x化学工程@x工程制图 |
| 690 | @aTQ050.2@v4 | |
| 690 | @aTQ46@v5 | |
| 701 | 0 | @a于颖@Ayu ying@4主编 |
| 801 | 0 | @aCN@b北京卓展文化@c20191020 |
| 905 | @b1195755-8@dTQ050.2@e483=2@f4 | |
| 制药工程制图/于颖主编.-第2版.-北京:化学工业出版社,2013 |
| 262页, [8] 叶图版:图;26cm |
| ISBN 978-7-122-16195-6:CNY39.00 |
| 本书介绍了画法几何、制图基础、机械制图、计算机制图、制药设备及制药工艺图等内容。 |
| ● |
| 相关链接 |
|
|
|
|
正题名:制药工程制图
索取号:TQ050.2/483=2
 
预约/预借
| 序号 | 登录号 | 条形码 | 馆藏地/架位号 | 状态 | 备注 |
| 1 | 1195755 | 211957550 | 第二样本阅览室/ [索取号:TQ050.2/483=2] | 在馆 | |
| 2 | 1195756 | 211957569 | 第三借阅区/ [索取号:TQ050.2/483=2] | 在馆 | |
| 3 | 1195757 | 211957578 | 第三借阅区/ [索取号:TQ050.2/483=2] | 在馆 | |
| 4 | 1195758 | 211957587 | 第三借阅区/ [索取号:TQ050.2/483=2] | 在馆 |